[Event "15th Open"]
[Site "Bosnjaci CRO"]
[Date "2010.01.06"]
[Round "6"]
[White "Zivkovic,Vj"]
[Black "Ivanov,StojanE"]
[Result "1/2-1/2"]
[WhiteElo "2396"]
[BlackElo "2198"]

1.e4 c5 2.Nf3 Nc6 3.Nc3 e6 4.d4 cxd4 5.Nxd4 Nf6 6.Nxc6 dxc6 7.Qxd8+ Kxd8
8.e5 Nd7 9.f4 Kc7 10.Be3 Bb4 11.Bd2 Be7 12.Ne4 b6 13.O-O-O Bb7 14.Bd3 Nc5
15.Nxc5 Bxc5 16.Rhe1 Rad8 17.Be4 Bf2 18.Re2 Bc5 19.Ree1 Bf2 20.Re2 Bc5 21.Ree1 Ba6  1/2-1/2

[Event "ch-AUS"]
[Site "Sydney AUS"]
[Date "2010.01.06"]
[Round "4"]
[White "Schon,E"]
[Black "Hamilton,D"]
[Result "0-1"]
[WhiteElo "2167"]
[BlackElo "2193"]

1.e4 c5 2.Nf3 Nc6 3.d4 cxd4 4.Nxd4 e6 5.Nc3 a6 6.Nxc6 bxc6 7.Bd3 d5 8.O-O Nf6
9.Qf3 Be7 10.Re1 O-O 11.Bf4 Bb7 12.Rad1 a5 13.Qh3 g6 14.Bg5 Nh5 15.Bh6 Re8
16.exd5 exd5 17.Qf3 Qd6 18.Na4 Bf6 19.c4 Qb4 20.Rxe8+ Rxe8 21.g4 Qxa4 22.gxh5 Bxb2
23.Rb1 Qb4 24.Qd1 dxc4 25.Bxc4 Qxc4 26.Rxb2 Ba6 27.Rc2 Qe4 28.Rc5 Be2 29.Qd6 Qh1+  0-1

[Event "ch-NZL"]
[Site "Auckland NZL"]
[Date "2010.01.09"]
[Round "8"]
[White "Milligan,H"]
[Black "Garbett,P"]
[Result "0-1"]
[WhiteElo "1972"]
[BlackElo "2302"]

1.e4 c5 2.Nf3 e6 3.d4 cxd4 4.Nxd4 Nc6 5.Nc3 Qc7 6.Be3 a6 7.Bd3 Nf6 8.O-O d6
9.Nxc6 bxc6 10.f4 Be7 11.Qf3 d5 12.Rae1 O-O 13.e5 Nd7 14.Qh3 g6 15.f5 exf5
16.Bh6 Re8 17.Bxf5 Nxe5 18.Bxc8 Qxc8 19.Qg3 Ng4 20.Bd2 Bc5+ 21.Kh1 Rxe1 22.Qxe1 Qd7
23.h3 Re8 24.Qg3 Ne3 25.Re1 Nc4 26.Qd3 Nxb2 27.Qxa6 Nc4 28.Rxe8+ Qxe8 29.Na4 Nxd2
30.Nxc5 Qe1+ 31.Kh2 Nf1+ 32.Kg1 Ne3+ 33.Kh2 Qf2  0-1

[Event "ch-AUS"]
[Site "Sydney AUS"]
[Date "2010.01.09"]
[Round "7"]
[White "Lane,G"]
[Black "Ikeda,J"]
[Result "0-1"]
[WhiteElo "2377"]
[BlackElo "2275"]

1.e4 c5 2.Nf3 e6 3.d4 cxd4 4.Nxd4 Nc6 5.Nc3 Qc7 6.g3 a6 7.Bg2 Nf6 8.O-O Bc5
9.Nb3 Ba7 10.Qe2 Ne5 11.a4 h5 12.Be3 Bxe3 13.Qxe3 h4 14.a5 Nfg4 15.Qc5 Qxc5
16.Nxc5 hxg3 17.hxg3 d6 18.N5a4 Bd7 19.Nb6 Rd8 20.Rfd1 Bc6 21.f4 Ng6 22.Rd3 Ke7
23.Rad1 Nf6 24.Nc4 Ne8 25.b4 Nf8 26.R3d2 Rh5 27.Bf3 Rh6 28.Kg2 Nh7 29.Nb6 g5
30.f5 g4 31.Bxg4 Ng5 32.Bf3 Nf6 33.Rxd6 Rdh8 34.Kf2 Rh2+ 35.Ke3 Rxc2 36.R6d3 Rhh2
37.fxe6 Rhf2 38.Nc8+ Kxe6 39.Bh1 Ke5 40.Nd6 Ng4+  0-1

[Event "XXXV Open"]
[Site "Seville ESP"]
[Date "2010.01.10"]
[Round "3"]
[White "Perez Garcia,Rob"]
[Black "Pogorelov,R"]
[Result "0-1"]
[WhiteElo "2172"]
[BlackElo "2474"]

1.e4 c5 2.Nf3 e6 3.d4 cxd4 4.Nxd4 Nc6 5.Nc3 Qc7 6.Be3 a6 7.f4 b5 8.Be2 Bb7
9.Nb3 d6 10.Bf3 Nf6 11.Qe2 Be7 12.O-O-O O-O 13.g4 Nd7 14.Qf2 Na5 15.Nxa5 Qxa5
16.Kb1 Rac8 17.e5 Bxf3 18.Qxf3 d5 19.Bd4 b4 20.Ne2 Qc7 21.Rd2 f6 22.Qe3 fxe5
23.Bxe5 Nxe5 24.fxe5 Qc4 25.h3 Bc5 26.Qd3 Rf2 27.Nc1 Qxd3 28.Rxd3 Be7 29.c3 a5
30.Rhd1 a4 31.cxb4 Rcc2 32.Ra3 Rxb2+ 33.Ka1 Bxb4 34.Re3 Rbd2 35.Rg1 Bc5  0-1

[Event "Open"]
[Site "Prague CZE"]
[Date "2010.01.11"]
[Round "4"]
[White "Nyysti,S"]
[Black "Zakhartsov,Vi"]
[Result "1/2-1/2"]
[WhiteElo "2363"]
[BlackElo "2562"]

1.e4 c5 2.Nf3 e6 3.d4 cxd4 4.Nxd4 Nc6 5.Nc3 Qc7 6.Be3 a6 7.Qd2 Nf6 8.O-O-O Bb4
9.f3 O-O 10.g4 b5 11.g5 Ne8 12.Qe1 Bb7 13.Nxc6 Qxc6 14.Nd5 exd5 15.Qxb4 dxe4
16.Qxe4 Qxe4 17.fxe4 Bxe4 18.Rg1 Rc8 19.Bd3 d5 20.Bxe4 dxe4 21.Rd4 f5 22.gxf6 Nxf6
23.Rd6 a5 24.Bd4 Kf7 25.Ra6 Ra8 26.Rb6 Rab8 27.Ra6 Ra8 28.Rb6 Rab8  1/2-1/2

[Event "4th SOP-SMAOK Open"]
[Site "Athens GRE"]
[Date "2010.01.12"]
[Round "1"]
[White "Nikomanis,A"]
[Black "Drakopoulos,A"]
[Result "1/2-1/2"]
[WhiteElo "1936"]
[BlackElo "2206"]

1.e4 c5 2.Nf3 e6 3.d4 cxd4 4.Nxd4 Nc6 5.Nc3 Qc7 6.Be3 a6 7.Qd2 Nf6 8.f3 Bb4
9.O-O-O Ne5 10.Nb3 b5 11.Bd4 Be7 12.Kb1 d6 13.Qf2 Rb8 14.h4 Bd7 15.g4 b4
16.Ne2 a5 17.Ng3 a4 18.Nc1 Nexg4 19.fxg4 e5 20.Be3 Nxg4 21.Qd2 O-O 22.Nf5 Bxf5
23.exf5 d5 24.Bg5 Bc5 25.Bh3  1/2-1/2

[Event "2nd Kirov Memorial Open"]
[Site "Blagoevgrad BUL"]
[Date "2010.01.12"]
[Round "2"]
[White "Angelov,G"]
[Black "Arnaudov,G"]
[Result "0-1"]
[WhiteElo "2257"]
[BlackElo "2413"]

1.e4 c5 2.Nc3 Nc6 3.Nf3 e6 4.d4 cxd4 5.Nxd4 Qc7 6.Bg5 a6 7.Qd2 Nf6 8.O-O-O Be7
9.f4 Nxd4 10.Qxd4 h6 11.Bxf6 Qxf4+ 12.Kb1 Bxf6 13.Qb4 Qc7 14.Be2 Be5 15.Rd3 d6
16.Nd1 Bd7 17.a4 Qc5 18.Qxc5 dxc5 19.Ra3 Bc6 20.Bf3 b5 21.axb5 axb5 22.Rxa8+ Bxa8
23.Nf2 c4 24.Ng4 Bc7 25.c3 h5 26.Ne3 Ke7 27.Nc2 Be5 28.Nd4 b4 29.Ne2 g5 30.h3 g4
31.hxg4 hxg4 32.Rxh8 gxf3  0-1

[Event "ch-POL"]
[Site "Warsaw POL"]
[Date "2010.01.12"]
[Round "4"]
[White "Dragun,K"]
[Black "Jakubowski,K"]
[Result "0-1"]
[WhiteElo "2300"]
[BlackElo "2502"]

1.e4 c5 2.Nf3 Nc6 3.d4 cxd4 4.Nxd4 e6 5.Nc3 d6 6.Be3 a6 7.Qd2 Nxd4 8.Bxd4 Ne7
9.O-O-O Nc6 10.Be3 b5 11.Bf4 b4 12.Ne2 e5 13.Bg5 Qb6 14.f4 f6 15.Bh4 Be6
16.Kb1 Be7 17.f5 Bf7 18.g4 h6 19.Nc1 a5 20.Bf2 Qb7 21.h4 a4 22.Rh3 Na5 23.Be1 Rb8
24.Qg2 Nc4 25.Bxc4 Bxc4 26.Rg3 Qa6 27.g5 hxg5 28.hxg5 fxg5 29.Bd2 b3 30.cxb3 axb3
31.Bxg5 bxa2+ 32.Ka1 Qa4 33.Rd2 Bxg5 34.Rxg5 Bf7 35.Rc2 Rh1 36.Rxg7 Rg1 37.Rg8+ Bxg8
38.Qxg1 Qxc2 39.Qxg8+ Kd7 40.Qf7+ Kd8 41.Qf8+ Kc7 42.Qf7+ Kb6 43.Qb3+ Qxb3
44.Nxb3 Ra8  0-1

[Event "ch-POL"]
[Site "Warsaw POL"]
[Date "2010.01.12"]
[Round "4"]
[White "Piorun,K"]
[Black "Heberla,B"]
[Result "1/2-1/2"]
[WhiteElo "2489"]
[BlackElo "2516"]

1.e4 c5 2.Nf3 e6 3.d4 cxd4 4.Nxd4 Nc6 5.Nc3 d6 6.g3 Nf6 7.Bg2 Bd7 8.O-O Be7
9.b3 O-O 10.Bb2 Nxd4 11.Qxd4 Qc7 12.a4 a6 13.Rfd1 Rfd8 14.h3 Rac8 15.Rac1 Ne8
16.Qe3 Bf6 17.Rd3 b5 18.axb5 axb5 19.Qd2 Bc6 20.b4 Qb7 21.Re1 Qb6 22.Kh2 Bb7
23.Nd1 Bxb2 24.Nxb2 Qc7 25.Re2 Ra8 26.Nd1 Rdc8 27.Qe3 Ra4 28.Rc3 Qd8 29.Rxc8 Qxc8
30.Qb3 Qa8 31.Nc3 Ra3 32.Qb2 Bc6 33.Re1 Ra6 34.Qc1 Qb7  1/2-1/2

[Event "46th ch-CUB"]
[Site "Ciego de Avila CUB"]
[Date "2010.01.13"]
[Round "1"]
[White "De la Paz Perdomo,F"]
[Black "Quesada Perez,Yu"]
[Result "0-1"]
[WhiteElo "2486"]
[BlackElo "2584"]

1.e4 c5 2.Nf3 e6 3.d4 cxd4 4.Nxd4 Nc6 5.Nc3 Qc7 6.Be3 a6 7.Bd3 Nf6 8.O-O Nxd4
9.Bxd4 Bc5 10.Bxc5 Qxc5 11.Na4 Qa5 12.c4 d6 13.a3 O-O 14.Nc3 e5 15.b4 Qc7
16.Rc1 Be6 17.Qd2 Rad8 18.Rfd1 Qb8 19.h3 Rfe8 20.Qe3 h6 21.Bf1 Rc8 22.Nd5 Bxd5
23.exd5 Rcd8 24.Qb3 b6 25.Qa4 a5 26.bxa5 bxa5 27.c5 dxc5 28.Rxc5 e4 29.Qb5 Qf4
30.Qc4 Qd6 31.Rc6 Qxa3 32.d6 e3 33.Qc2 Re6 34.Rd3 exf2+ 35.Qxf2 Qa4 36.Qb6 Ree8
37.Rc7 Qf4 38.d7 Rf8 39.Ra7 Qb4 40.Qd4 Rb8 41.Qf2 Rfd8 42.Rc7 a4 43.Rd1 Qa5
44.Qc2 a3 45.Qc3 Qb6+ 46.Kh2 a2 47.Ra1 Nd5  0-1

[Event "XXXV Open"]
[Site "Seville ESP"]
[Date "2010.01.13"]
[Round "6"]
[White "Teran Alvarez,I"]
[Black "Korneev,O"]
[Result "1/2-1/2"]
[WhiteElo "2425"]
[BlackElo "2573"]

1.e4 c5 2.Nf3 e6 3.d4 cxd4 4.Nxd4 Nc6 5.Nc3 Qc7 6.Be2 a6 7.O-O Nf6 8.Be3 Be7
9.f4 d6 10.a4 O-O 11.Bf3 Re8 12.Qd2 Nxd4 13.Bxd4 e5 14.Be3 exf4 15.Bxf4 Be6
16.Kh1 Nd7 17.Nd5 Bxd5 18.Qxd5 Bf8 19.c3 Re6 20.Bg5 Re5 21.Qd2 Nc5 22.Bf4 Nb3
23.Qd1 Nxa1 24.Bxe5 dxe5 25.Qxa1 Rd8 26.Qa2 Rd2  1/2-1/2

[Event "ch-AUS"]
[Site "Sydney AUS"]
[Date "2010.01.13"]
[Round "11"]
[White "Schon,E"]
[Black "Ly,Mo"]
[Result "0-1"]
[WhiteElo "2167"]
[BlackElo "2335"]

1.e4 c5 2.Nf3 e6 3.d4 cxd4 4.Nxd4 Nc6 5.Nc3 d6 6.Be3 Nf6 7.f3 Be7 8.Qd2 a6
9.g4 O-O 10.O-O-O Nxd4 11.Qxd4 b5 12.Rg1 e5 13.Qd2 b4 14.Nd5 Nxd5 15.exd5 a5
16.Kb1 Ba6 17.Bxa6 Rxa6 18.g5 Qd7 19.f4 exf4 20.Bxf4 Rc8 21.Qd3 Ra7 22.h4 Rac7
23.Rd2 Rc4 24.Rf2 g6 25.h5 Bf8 26.h6 a4 27.Rgf1 Qb7 28.Be3 R4c7 29.Qd4 Re8
30.Rf6 Re5 31.Qf4 Qxd5 32.Bb6 Rce7 33.Bf2 Re4 34.Qxd6 Qxg5 35.Qb6 Bxh6 36.Rd6 Re8
37.Qa7 Qf5 38.Rdd1 b3 39.Qc7 Re2  0-1

[Event "ch-POL"]
[Site "Warsaw POL"]
[Date "2010.01.13"]
[Round "5"]
[White "Jakubowski,K"]
[Black "Gajewski,G"]
[Result "1-0"]
[WhiteElo "2502"]
[BlackElo "2568"]

1.e4 c5 2.Nf3 e6 3.d4 cxd4 4.Nxd4 Nc6 5.Nc3 d6 6.Be3 Nf6 7.Be2 Be7 8.Qd2 a6
9.O-O-O O-O 10.f4 Nd7 11.Kb1 Nxd4 12.Bxd4 b5 13.Bf3 b4 14.Na4 Rb8 15.b3 e5
16.Bb2 Bb7 17.fxe5 Nxe5 18.Qf2 Qc7 19.Nb6 f5 20.Bxe5 fxe4 21.Bd4 exf3 22.gxf3 Bxf3
23.Rhg1 Rf7 24.Rxg7+ Rxg7 25.Qxf3 Bg5 26.Bxg7 Qxg7 27.Rg1 Rf8 28.Qd1 Kh8
29.h4 Qa7 30.hxg5 Qxb6 31.Rh1 Rg8 32.Qd3 Rg7 33.Qf5 Qd8 34.g6 Qe7 35.a3 bxa3
36.Qc8+ Rg8  1-0

[Event "ch-POL"]
[Site "Warsaw POL"]
[Date "2010.01.13"]
[Round "5"]
[White "Bobras,P"]
[Black "Hnydiuk,A"]
[Result "1/2-1/2"]
[WhiteElo "2554"]
[BlackElo "2432"]

1.e4 c5 2.Nf3 e6 3.d4 cxd4 4.Nxd4 Nc6 5.Nc3 a6 6.Nxc6 bxc6 7.Bd3 d5 8.O-O Nf6
9.b3 Be7 10.Bb2 O-O 11.Qe2 Bb7 12.Rad1 Qc7 13.Na4 Rfd8 14.e5 Nd7 15.f4 Nb6
16.f5 Nxa4 17.fxe6 Bc5+ 18.Kh1 fxe6 19.Qg4 Nxb2 20.Bxh7+ Kxh7 21.Qh3+ Kg8
22.Qxe6+ Kh8 23.Qh3+ Kg8 24.Qe6+ Kh8 25.Rf3 g6 26.Rh3+ Qh7 27.Rf1 Rf8 28.Rxh7+ Kxh7
29.Qh3+ Kg8 30.Qe6+ Kh8 31.Qh3+ Kg8 32.Qe6+ Kh8 33.Qh3+ Kg8  1/2-1/2

[Event "2nd Kirov Memorial Open"]
[Site "Blagoevgrad BUL"]
[Date "2010.01.14"]
[Round "5"]
[White "Stoinev,M"]
[Black "Bratanov,Z"]
[Result "0-1"]
[WhiteElo "2268"]
[BlackElo "2463"]

1.e4 c5 2.Nf3 Nc6 3.Nc3 e6 4.d4 cxd4 5.Nxd4 Qc7 6.Be3 a6 7.Qd2 Nf6 8.f3 h5
9.O-O-O Be7 10.Nb3 d6 11.Bg5 Bd7 12.Bxf6 gxf6 13.f4 b5 14.Kb1 Rb8 15.Bd3 b4
16.Ne2 a5 17.Nbd4 Nxd4 18.Nxd4 a4 19.Rhe1 Qc5 20.Be2 Bd8 21.Rc1 Bb6 22.Red1 Ba5
23.Qd3 Ke7 24.b3 a3 25.Qd2 h4 26.Bc4 Rhg8 27.Re1 Rxg2 28.Nf5+ Qxf5 29.Qxg2 Qxf4
30.c3 bxc3 31.Rc2 Rc8 32.Bd3 Rc5 33.Rf1 Qe5 34.Qf2 Bb5 35.Bxb5 Rxb5 36.Qxh4 Rb4
37.Rcf2 Kd7 38.Qxf6 Qxf6 39.Rxf6 Rxe4 40.Rxf7+ Kc6 41.R7f4 Re2 42.R1f2 Re1+
43.Kc2 Ra1 44.Kd3 e5 45.Ra4 Kb5 46.Rxa3 Bb4 47.Ra8 d5 48.a4+ Kc5 49.Rc8+ Kd6
50.Rf6+ Ke7 51.Rb6 Rd1+ 52.Ke3 Kd7 53.Rbb8 Bd6 54.Rd8+ Ke7 55.Re8+ Kf7 56.Rbc8 c2
57.Red8 d4+ 58.Ke4 Be7 59.Rd7 c1=Q 60.Rxc1 Rxc1 61.Kxe5 Re1+ 62.Kf4 Rd1 63.Ke4 Re1+
64.Kf4 Rb1 65.Rxd4 Rxb3 66.Kg4 Rb1  0-1

[Event "76th ch-BLR"]
[Site "Minsk BLR"]
[Date "2010.01.14"]
[Round "3"]
[White "Kolesnik,E"]
[Black "Teterev,V"]
[Result "0-1"]
[WhiteElo "2374"]
[BlackElo "2527"]

1.e4 c5 2.Nf3 Nc6 3.d4 cxd4 4.Nxd4 e6 5.Nc3 Qc7 6.Be3 a6 7.Qd2 Nf6 8.O-O-O Bb4
9.f3 Ne5 10.Nb3 b5 11.Qf2 Be7 12.Bb6 Qb8 13.Na5 d6 14.Be2 b4 15.Na4 Bd7 16.b3 Bxa4
17.bxa4 Nfd7 18.Bd4 Qc7 19.Nb3 O-O 20.Rd2 Nc5 21.Qg3 Bf6 22.Rhd1 Nxa4 23.c4 bxc3
24.Rc2 Rfd8 25.Qf2 Be7 26.Qe3 Rac8 27.f4 Nc6 28.Bxc3 Nb4 29.Qd4 Nxc3  0-1

[Event "8th Parsvnath Open"]
[Site "New Delhi IND"]
[Date "2010.01.14"]
[Round "1"]
[White "Nivedhitha,J"]
[Black "Konguvel,P"]
[Result "0-1"]
[WhiteElo "1781"]
[BlackElo "2420"]

1.e4 c5 2.Nf3 e6 3.d4 cxd4 4.Nxd4 Nc6 5.Nc3 Qc7 6.Be3 a6 7.Qd2 Nf6 8.Be2 Bb4
9.f3 Ne5 10.O-O O-O 11.Bf4 Nh5 12.Bxe5 Qxe5 13.f4 Nxf4 14.Rxf4 Bc5 15.Raf1 Qxd4+
16.Qxd4 Bxd4+ 17.Kh1 d6 18.Rd1 Be5 19.Rf3 b5 20.Rd2 Bb7 21.Bd3 f5 22.Re2 Rac8
23.Nd1 fxe4 24.Bxe4 Bxe4 25.Rxe4 Rxc2 26.Re1 Rxf3 27.gxf3 Rxh2+ 28.Kg1 Rd2
29.Ne3 Rxb2 30.Ng4 Bd4+ 31.Kh1 h5 32.Nh2 Rxa2 33.Rxe6 Ra1+ 34.Kg2 Rg1+ 35.Kh3 Be5
36.Re8+ Kf7 37.Rc8 g5 38.Rc7+ Kg6  0-1

[Event "8th Parsvnath Open"]
[Site "New Delhi IND"]
[Date "2010.01.14"]
[Round "2"]
[White "Kravtsiv,M"]
[Black "Fenil,S"]
[Result "1/2-1/2"]
[WhiteElo "2545"]
[BlackElo "2201"]

1.e4 c5 2.Nf3 e6 3.d4 cxd4 4.Nxd4 Nc6 5.Nc3 Qc7 6.Be3 a6 7.Be2 Nf6 8.O-O Bb4
9.Na4 Be7 10.Nxc6 bxc6 11.Nb6 Rb8 12.Nxc8 Qxc8 13.e5 Nd5 14.Bc1 Bc5 15.c4 Ne7
16.b3 Qc7 17.Bb2 d6 18.exd6 Bxd6 19.g3 Be5 20.Bxe5 Qxe5 21.c5 a5 22.Rc1 O-O
23.Re1 Rfd8 24.Qc2 Nd5 25.a3 g6 26.Bf1 Qf6 27.Red1 Rd7 28.Rd3 Qe7 29.Bg2 Rdb7  1/2-1/2

[Event "8th Parsvnath Open"]
[Site "New Delhi IND"]
[Date "2010.01.14"]
[Round "2"]
[White "Ganesh,Ba"]
[Black "Ashwin,J"]
[Result "0-1"]
[WhiteElo "2149"]
[BlackElo "2434"]

1.e4 c5 2.Nf3 e6 3.d4 cxd4 4.Nxd4 Nc6 5.Nc3 Qc7 6.Be3 a6 7.Be2 Nf6 8.O-O Be7
9.f4 d6 10.Bf3 O-O 11.g4 Nxd4 12.Bxd4 e5 13.Be3 exf4 14.Bxf4 Be6 15.g5 Nd7
16.Ne2 Bxg5 17.Bxg5 Qc5+ 18.Kh1 Qxg5 19.Qxd6 Ne5 20.Nd4 Bh3 21.Rg1 Qf4 22.Rg3 Rfd8
23.Qb4 Nxf3 24.Nxf3 Bg4 25.Qc3 Rac8 26.Rxg4 Qxg4 27.Qe3 Rxc2 28.Rg1 Rd1  0-1

[Event "8th Parsvnath Open"]
[Site "New Delhi IND"]
[Date "2010.01.14"]
[Round "2"]
[White "Patil,Pr2"]
[Black "Kulkarni,C"]
[Result "0-1"]
[WhiteElo "2060"]
[BlackElo "2339"]

1.e4 c5 2.Nf3 e6 3.d4 cxd4 4.Nxd4 Nc6 5.Nc3 Qc7 6.Nb3 a6 7.a4 Nf6 8.Bd3 b6
9.O-O Bb7 10.Qe2 Be7 11.Be3 O-O 12.f4 d6 13.Rae1 Rfe8 14.g4 Bf8 15.g5 Nd7
16.Rf3 g6 17.Rh3 Nb4 18.Qf2 Nxd3 19.cxd3 Nc5 20.Nxc5 bxc5 21.Qh4 h5 22.gxh6 Kh7
23.Rf1 Be7 24.Qg4 Rg8 25.Kf2 d5 26.Bc1 f5 27.Qf3 d4 28.Ne2 Rad8 29.Ng3 c4
30.Qe2 Qc6 31.Re1 Bb4 32.Bd2 cxd3 33.Qxd3 Bxd2 34.Qxd2 d3 35.Kf1 Rd7 36.b3 Qc2
37.Qxc2 dxc2 38.exf5 gxf5 39.Ke2 Rgd8 40.Nh5 Rd2+  0-1

[Event "ch-POL"]
[Site "Warsaw POL"]
[Date "2010.01.14"]
[Round "6"]
[White "Piorun,K"]
[Black "Jakubowski,K"]
[Result "1-0"]
[WhiteElo "2489"]
[BlackElo "2502"]

1.e4 c5 2.Nf3 e6 3.d4 cxd4 4.Nxd4 Nc6 5.Nc3 Qc7 6.Be3 a6 7.Qd2 Nf6 8.O-O-O Bb4
9.f3 O-O 10.g4 b5 11.a3 Ba5 12.Nxc6 Qxc6 13.Qd4 Rb8 14.Bf4 Bc7 15.Bxc7 Qxc7
16.Qd6 Qxd6 17.Rxd6 Ne8 18.Rd2 f6 19.Be2 Kf7 20.h4 Ke7 21.Rd4 Bb7 22.a4 Bc6
23.axb5 axb5 24.Na2 e5 25.Rd3 Nc7 26.Nb4 Ra8 27.Kd2 Ra4 28.Kc3 Ne6 29.b3 Ra7
30.Kb2 Nf4 31.Rd2 g6 32.Rhd1 h6 33.Bf1 Rc8 34.c4 bxc4 35.Bxc4 h5 36.gxh5 Nxh5
37.Rg1 Nf4 38.Nd3 Rh8 39.Nxf4 exf4 40.Rg4 Ra5 41.Rxf4 Rah5 42.Rg4 R8h6 43.b4 Rxh4
44.Rxh4 Rxh4 45.b5 Bb7 46.b6 Rh3 47.Bb5 d5 48.Rc2 dxe4 49.Rc7+ Kd6 50.Rxb7 Kc5
51.Ba6 Rh2+ 52.Kc3 Ra2 53.Bc4 Ra3+ 54.Kb2 Ra8 55.Kc3 exf3 56.Rf7 Kxb6 57.Rxf6+ Kc5
58.Rxf3 Ra1 59.Rg3 Rc1+ 60.Kb3 Rb1+ 61.Kc2 Rh1 62.Bd3 Kd4 63.Rg4+ Ke5 64.Rxg6 Ra1
65.Kd2 Rh1 66.Rg8 Kd4 67.Rd8+ Ke5 68.Kc3 Rc1+ 69.Bc2 Ra1 70.Re8+ Kd5 71.Bb3+ Kc5
72.Re5+ Kd6 73.Kd4 Rg1 74.Re6+ Kd7 75.Ra6 Re1 76.Kd5 Ke7 77.Bc2 Re2 78.Be4 Rd2+
79.Ke5 Rd7 80.Rh6 Kd8 81.Bf5 Re7+ 82.Kd6 Rd7+ 83.Kc6 Rc7+ 84.Kd5 Re7 85.Ra6 Rc7
86.Kd6 Rd7+ 87.Ke5 Rd1 88.Bg4 Rd3 89.Rc6 Ke7 90.Rc7+ Kd8 91.Ra7 Re3+ 92.Kf6 Re1
93.Rd7+ Ke8 94.Rd2 Kf8 95.Be2 Kg8 96.Rd8+  1-0

[Event "46th ch-CUB"]
[Site "Ciego de Avila CUB"]
[Date "2010.01.15"]
[Round "3"]
[White "Gomez Garrido,C"]
[Black "Quesada Perez,Yu"]
[Result "1/2-1/2"]
[WhiteElo "2461"]
[BlackElo "2584"]

1.e4 c5 2.Nf3 e6 3.d4 cxd4 4.Nxd4 Nc6 5.Nc3 Qc7 6.g3 a6 7.Bg2 Nf6 8.O-O Be7
9.Re1 O-O 10.a4 d6 11.Be3 Na5 12.g4 h6 13.g5 hxg5 14.Bxg5 Nc6 15.Re3 Nxd4
16.Qxd4 e5 17.Qd1 Bg4 18.Bxf6 Bxd1 19.Nd5 Bxf6 20.Nxc7 Rac8 21.Nd5 Bxc2 22.Nxf6+ gxf6
23.Rg3+ Kh8 24.Rh3+ Kg7 25.Rg3+ Kh8 26.Rh3+ Kg7  1/2-1/2

[Event "46th ch-CUB"]
[Site "Ciego de Avila CUB"]
[Date "2010.01.15"]
[Round "3"]
[White "Gonzalez Vidal,Y"]
[Black "Perez Rodriguez,L"]
[Result "1-0"]
[WhiteElo "2514"]
[BlackElo "2512"]

1.e4 c5 2.Nf3 e6 3.d4 cxd4 4.Nxd4 Nc6 5.Nc3 Qc7 6.Be2 a6 7.O-O Nf6 8.Be3 Bb4
9.Na4 Be7 10.Nxc6 bxc6 11.Nb6 Rb8 12.Nxc8 Qxc8 13.Bd4 c5 14.Be5 Rb6 15.b3 O-O
16.Bd3 d5 17.exd5 Nxd5 18.Qh5 g6 19.Qh6 Bf6 20.Rae1 Bxe5 21.Rxe5 Qc7 22.Rfe1 Rd8
23.a3 a5 24.h4 Nf6 25.Qg5 Nd7 26.R5e4 Rd6 27.Qe7 Rc8 28.h5 Nb6 29.Qh4 Qd8
30.hxg6 hxg6 31.Qg3 c4 32.bxc4 Rc5 33.Rg4 Rd4 34.Rxg6+ fxg6 35.Qxg6+ Kf8
36.Qh6+  1-0

[Event "TCh-AUT 2009-10"]
[Site "Graz AUT"]
[Date "2010.01.15"]
[Round "5"]
[White "Polzin,R"]
[Black "Balogh,C"]
[Result "0-1"]
[WhiteElo "2473"]
[BlackElo "2613"]

1.e4 c5 2.Nf3 e6 3.d4 cxd4 4.Nxd4 Nc6 5.Nc3 Qc7 6.Be2 a6 7.O-O b5 8.Nxc6 dxc6
9.f4 Bb7 10.Be3 Be7 11.a4 b4 12.Nb1 c5 13.Nd2 Nf6 14.e5 Nd5 15.Nc4 O-O 16.Bd3 f5
17.Bd2 a5 18.Qe2 Nb6 19.Be3 Nd5 20.Bd2 Rad8 21.h3 g6 22.Kh2 Rf7 23.Rg1 Rg7
24.Raf1 Kh8 25.g4 Rf8 26.g5 Rfg8 27.h4 h6 28.Kg3 Rh7 29.Rh1 Nxf4 30.Bxf4 hxg5
31.Bd2 gxh4+ 32.Kf2 h3 33.Ke1 g5 34.Nd6 Bxh1 35.Rxh1 g4 36.Nxf5 exf5 37.Bxf5 Qc6
38.Be4 Qxa4 39.Qc4 Rf8 40.Qe6 Qd7  0-1

[Event "8th Parsvnath Open"]
[Site "New Delhi IND"]
[Date "2010.01.15"]
[Round "3"]
[White "Matta,V"]
[Black "Himanshu,Sh"]
[Result "0-1"]
[WhiteElo "2283"]
[BlackElo "2457"]

1.e4 c5 2.Nf3 e6 3.d4 cxd4 4.Nxd4 Nc6 5.Nc3 Qc7 6.Be3 a6 7.Qd2 Nf6 8.O-O-O Bb4
9.f3 Ne5 10.Kb1 Bxc3 11.Qxc3 Qxc3 12.bxc3 d5 13.exd5 Nxd5 14.Bd2 Nb6 15.Bf4 Nec4
16.Nb3 Bd7 17.Nd2 Nxd2+ 18.Bxd2 Rc8 19.Ka1 Nc4 20.Bxc4 Rxc4 21.Rb1 Bb5 22.Rb4 Ke7
23.Rxc4 Bxc4 24.Rb1 b5 25.Be3 Rd8 26.Bd4 g5 27.Re1 f6 28.g3 Kf7 29.Kb2 Rd5
30.Be3 Kg6 31.a3 Rf5 32.f4 gxf4 33.Bxf4 Rh5 34.h4 Kf5 35.Bd6 e5 36.Be7 Rh6
37.Kc1 Rg6 38.Re3 Rg7 39.Bc5 Rc7 40.Bd6 Rd7 41.Rf3+ Ke6 42.Bf8 Be2 43.Re3 Rd1+
44.Kb2 Bc4 45.Bc5 Rf1 46.Bb6 h5 47.Bc7 Kf5 48.Bd6 Kg4 49.Be7 Kf5 50.Bc5 a5
51.Bb6 a4 52.Bc5 Kg4 53.Be7 Kh3 54.Bd8 Kg2 55.Be7 f5 56.Rxe5 Kxg3 57.Bd8 Rd1
58.Bc7 Kg4 59.Re7 Kxh4 60.Rg7 Rf1 61.Bd8+ Kh3 62.Bc7 f4 63.Rg5 h4 64.Bd8 f3
65.Rh5 f2 66.Bxh4 Kg4 67.Rg5+ Kf4 68.Rg6 Rb1+ 69.Kxb1 f1=Q+ 70.Kb2 Qe2 71.Kc1 Qh5
72.Rd6 Qxh4 73.Kb2 Ke5  0-1

[Event "8th Parsvnath Open"]
[Site "New Delhi IND"]
[Date "2010.01.15"]
[Round "3"]
[White "Joshi,GB"]
[Black "Swapnil,SD"]
[Result "0-1"]
[WhiteElo "2272"]
[BlackElo "2429"]

1.e4 c5 2.Nf3 e6 3.d4 cxd4 4.Nxd4 Nc6 5.Nc3 Qc7 6.f4 a6 7.Nxc6 Qxc6 8.Bd3 b5
9.Qe2 Bb7 10.Bd2 Bc5 11.O-O-O Ne7 12.Qg4 O-O 13.a3 f5 14.Qh3 d5 15.exf5 exf5
16.Ne2 d4 17.Rhg1 g6 18.g4 Bc8 19.gxf5 Bxf5 20.Bxf5 Nxf5 21.Qb3+ Kh8 22.Rg5 Rae8
23.Ng3 Ne3 24.Re1 Nc4 25.Qd3 Rxe1+ 26.Bxe1 Rxf4 27.Bb4 Bxb4 28.axb4 Qg2 29.Kb1 Qg1+
30.Ka2 Qc1  0-1

[Event "ch-POL"]
[Site "Warsaw POL"]
[Date "2010.01.15"]
[Round "7"]
[White "Heberla,B"]
[Black "Hnydiuk,A"]
[Result "0-1"]
[WhiteElo "2516"]
[BlackElo "2432"]

1.e4 c5 2.Nf3 e6 3.d4 cxd4 4.Nxd4 Nc6 5.Nc3 a6 6.Be2 d6 7.Be3 Nf6 8.O-O Be7
9.f4 Bd7 10.Qe1 O-O 11.a4 Nxd4 12.Bxd4 Bc6 13.Qg3 g6 14.Bd3 b5 15.axb5 axb5
16.Rae1 b4 17.Nd1 Nd7 18.Nf2 e5 19.Be3 exf4 20.Bxf4 Ne5 21.Bxe5 dxe5 22.Kh1 f6
23.Ng4 Kh8 24.b3 Bb7 25.Rd1 Qb6 26.Rd2 Rad8 27.Rdf2 Qd6 28.Ne3 Qd4 29.Ng4 Bxe4
30.Bxe4 Qxe4 31.h4 Rd4 32.Nxf6 Qxh4+ 33.Qh3 Rxf6 34.Rxf6 Bxf6  0-1

[Event "Vanderley Cason Melo Mem"]
[Site "Campinas BRA"]
[Date "2010.01.16"]
[Round "1"]
[White "Zambrana,O"]
[Black "El Debs,F"]
[Result "0-1"]
[WhiteElo "2481"]
[BlackElo "2480"]

1.e4 c5 2.Nf3 e6 3.d4 cxd4 4.Nxd4 Nc6 5.Nc3 Qc7 6.Be3 a6 7.Qd2 Nf6 8.O-O-O Bb4
9.f3 O-O 10.Kb1 d5 11.a3 Ba5 12.exd5 Bxc3 13.Qxc3 Nxd5 14.Qe1 Nxe3 15.Qxe3 Rd8
16.Be2 Ne7 17.Nb5 axb5 18.Qe5 Qa5 19.b4 f6 20.Qxb5 Rxd1+ 21.Rxd1 Qxb5 22.Bxb5 Nd5
23.Kb2 Kf7 24.Kb3 Ke7 25.Bd3 Bd7 26.Rd2 f5 27.c4 Ba4+ 28.Kb2 Nf4 29.Bf1 Rd8
30.Rxd8 Kxd8 31.g3 Ng6 32.Be2 Bd7 33.f4 e5 34.fxe5 Nxe5 35.Kc3 Bc6 36.h4 b6
37.Kd4 Nd7 38.Bd1 Ke7 39.a4 Kd6 40.Bc2 g6 41.Bb3 Nf6 42.b5 Bg2 43.a5 bxa5
44.c5+ Kc7 45.Ke3 Bd5 46.Bd1 Bc4 47.b6+ Kb7 48.Kd4 Bb5 49.Bb3 a4 50.Bf7 Bc6
51.Kc4 a3 52.Kb3 Bd5+ 53.Bxd5+ Nxd5 54.Kxa3 Kc6 55.Kb3 Nf6 56.Kc4 Ne4  0-1

[Event "Porzellancup"]
[Site "Dresden GER"]
[Date "2010.01.16"]
[Round "3"]
[White "Schlierkamp,F"]
[Black "Jaracz,P"]
[Result "0-1"]
[WhiteElo "2189"]
[BlackElo "2532"]

1.e4 c5 2.Nf3 e6 3.d4 cxd4 4.Nxd4 Nc6 5.Nc3 Qc7 6.Be2 Nf6 7.O-O Be7 8.Be3 O-O
9.f4 d6 10.Bf3 a6 11.Kh1 Na5 12.Qe2 Nc4 13.Bc1 Nd7 14.a4 Re8 15.b3 Na5 16.Bb2 Nc6
17.Nxc6 bxc6 18.a5 Bb7 19.Rfd1 d5 20.Qd2 Bf6 21.e5 Be7 22.Ne2 c5 23.Ng3 g6
24.f5 Nxe5 25.Qf4 Bd6 26.Nh5 gxh5 27.Qg5+ Ng6 28.fxg6 fxg6 29.Qf6 d4 30.Bxb7 Qxb7
31.Rxd4  0-1

[Event "4NCL 2009-10"]
[Site "Hinckley Island ENG"]
[Date "2010.01.16"]
[Round "3"]
[White "Granat,R"]
[Black "Morrison,G SCO"]
[Result "0-1"]
[WhiteElo "2250"]
[BlackElo "2353"]

1.e4 c5 2.Nf3 e6 3.d4 cxd4 4.Nxd4 Nc6 5.Nc3 d6 6.g3 Nf6 7.Bg2 Bd7 8.O-O Be7
9.Be3 O-O 10.h3 a6 11.Nxc6 Bxc6 12.Qe2 Qc7 13.Rad1 b5 14.a3 Rac8 15.Rd2 Rfe8
16.Rfd1 Nd7 17.Bf4 Ne5 18.b3 Ba8 19.Na2 Qc5 20.Nb4 a5 21.Be3 Qc7 22.Nd3 Bc6
23.f4 Nd7 24.Bd4 Bf8 25.Kh2 e5 26.Bb2 g6 27.fxe5 dxe5 28.Nf2 h5 29.Bf3 Nf6
30.Qe3 Be7 31.Nd3 Bf8 32.Rg2 b4 33.axb4 axb4 34.g4 hxg4 35.hxg4 Nh7 36.Rh1 f6
37.Nf2 Ng5 38.Be2 Bd7 39.Nh3 Bh6 40.Bd3 Be6 41.Bc1 Kg7 42.Qf2 Rh8 43.Rf1 Rcf8
44.Nxg5 Bxg5+ 45.Kg1 Bxc1 46.Rxc1 g5 47.Ra1 Qc3 48.Ra7+ Rf7 49.Rxf7+ Bxf7
50.Rg3 Rh4 51.Bf1 Qc8 52.Bh3 Be6 53.Rf3 Bxg4 54.Qa7+ Kg6 55.Qe7 Qh8 56.Bxg4 Rxg4+
57.Kf2 Qh4+  0-1

[Event "8th Parsvnath Open"]
[Site "New Delhi IND"]
[Date "2010.01.16"]
[Round "4"]
[White "Sai,KG"]
[Black "Ashwin,J"]
[Result "1/2-1/2"]
[WhiteElo "2238"]
[BlackElo "2434"]

1.e4 c5 2.Nf3 e6 3.d4 cxd4 4.Nxd4 Nc6 5.Nc3 Qc7 6.Be3 a6 7.Be2 Nf6 8.O-O Be7
9.f4 d6 10.Qe1 O-O 11.Qg3 Nxd4 12.Bxd4 b5 13.a3 Bb7 14.Rae1 Rad8 15.Bd3 Rfe8
16.Kh1 Rd7 17.Nd1 g6 18.Nf2 Bd8 19.Ng4 Nxg4 20.Qxg4 e5 21.Bc3 Bf6 22.f5 Bg7
23.f6 Bf8 24.Ba5 Qc8 25.Bb4 Re6 26.Qg5 Qd8 27.c4 Bg7 28.cxb5 Bxf6 29.Qd2 d5
30.Qe2 a5 31.Bc3 Bg7 32.a4 Qa8 33.exd5 Bxd5 34.Be4 Red6 35.Bxd5 Rxd5 36.Qf3 Qd8
37.Qg3 Rd3 38.Re3 Rd1 39.Ree1 R1d3 40.Re3 Rd1 41.Ree1  1/2-1/2